Sports Quiz

Random Sports or Baseball Quiz

Name the Legendary Baseball Curses Quiz Stats

 Plays Quiz not verified by Sporcle

Score 0/10 Timer 10:00
0 Plays Today
Hint Answer % Correct
Chicago CubsThe Curse of the Billy Goat
92.7%
Boston Red SoxBabe Ruth
80.5%
Chicago White SoxThe Black Sox
31.7%
Philidelphia's Sports TeamsWilliam Penn
12.2%
New York Yankees Alex Rodriguez
7.3%
Hanshin TigersColonel Sanders
7.3%
Cleveland Indians Rocky Colavito
7.3%
New York MetsMets Bobblehead Slump
4.9%
New York YankeesDon Mattingly
4.9%
San FranciscoCaptain Eddie
4.9%

You're not logged in!

Compare scores with friends on all Sporcle quizzes.
OR
Log In

Show Comments

Extras

Top Quizzes Today


Score Distribution

Your Account Isn't Verified!

In order to create a playlist on Sporcle, you need to verify the email address you used during registration. Go to your Sporcle Settings to finish the process.

Report this User

Report this user for behavior that violates our Community Guidelines.

Details: